00325nam a2200133Ia 4500008004100000041000800041082001500049100001500064245001700079250001400096260004900110300002500159365000700184240624s9999 xx 000 0 und d aeng a346.07 CHA aCHADHA P R aBUSINESS LAW a(2nd ed.) c2002aNew DelhibGalgotia Publishing Company avi, : 539 : cm. ; 23 cRS